Focus sur: Celebrimbor - Tolkien - Statistiques

Statistiques générales
  • Ce quiz a été pris 34 fois
  • Le résultat moyen est 7 sur 12
Statistiques - réponses
Informations recherchées Réponses % Correct
Espèce Elfe
100%
Première apparition Le Silmarillion
89%
Contrée Eregion
84%
Forgeron/joailler
84%
Couleur des cheveux Noir
84%
Age durant lequel il vécut Premier/Deuxième
84%
Groupe de l'espèce Noldor
74%
Professions et titres Seigneur de l'Eregion
74%
Père Curufin
47%
Cité Nargothrond
5%
Telperimpar
0%
Autres noms Tyelpeletpa
0%
Aucun quiz correspondant
Distribution des résultats
% des personnes avec chaque résultat
Percentile par nombre de réponses
Votre historique - résultats
Vous n’avez pas pris ce quiz